03582nkc a22003377a 45000010006000000050017000060070007000230080041000300400024000712450124000952600065002193000134002845000375004185000617007936550042014108520057014528560150015098560150016598560150018098560150019598560150021098560150022599420020024099520133024299520133025629520133026959520133028289520133029619520133030949990017032278583820260429115546.0kh bo 260427s1920 sp ||||| |||| |0| i|spa d aM-RABAbspacM-RABA01a[Nuño Gonsalvesb: detalles de las pinturas del Altar de San Vicente, en la Catedral de Lisboa]h[Material gráfico] a: Lisboab: Amigos do Museu de Arte Antiga Lisboac[ca.1920] a6 fotografíasb: reproducción fotomecánicac; imagen 24 x 17 cm (medidas máximas)c; imagen 14 x 9 cm (medidas mínimas)00aConjunto de 6 fotografías que representan diferentes fragmentos del políptico del siglo XV "La Veneración de San Vicente" realizado por el pintor portugués Nuno Gonçalves para la Catedral de Lisboa. Dichas imágenes son provenientes de la fundación "Amigos do Museu de Arte Antiga de Lisboa"(dos de ellas tienen formato de tarjeta postal (Fot-800, Fot-801).00aInscripciones mecanografiadas al verso que indica título de la obra y autor: Fot-800: "Retratos de Nuno e Joham Gonçalves". Del políptico: "Veneración a San Vicente". Fot-801: "Retrato del Infante D. Enrique". Del político: "Veneración a San Vicente". Fot-802: "Panel del Arzobispo". Del político: "Veneración a San Vicente". Fot-803: "Panel de los pecadores y los caballeros". Del político: "Veneración a San Vicente". Fot-804: "Panel de los frailes y la reliquia". Del político: "Veneración a San Vicente". Fot-805: "Panel de los infantes". Del político: "Veneración a San Vicente". 7aFotografías de obras de arte975675 jFot-800; Fot-801; Fot-802; Fot-803; Fot-804; Fot-805 uhttps://archivoybiblioteca.realacademiabellasartessanfernando.com/cgi-bin/koha/opac-retrieve-file.pl?id=4a588887a7ff2a596da2c2d06c16b0a0yFot-800 uhttps://archivoybiblioteca.realacademiabellasartessanfernando.com/cgi-bin/koha/opac-retrieve-file.pl?id=bf36902acf01239d82969462a203dd41yFot-801 uhttps://archivoybiblioteca.realacademiabellasartessanfernando.com/cgi-bin/koha/opac-retrieve-file.pl?id=ffecc4fc76238c58e3588143e12d221cyFot-802 uhttps://archivoybiblioteca.realacademiabellasartessanfernando.com/cgi-bin/koha/opac-retrieve-file.pl?id=78a940c8a0a32f4c738d1cc8f0c9cc17yFot-803 uhttps://archivoybiblioteca.realacademiabellasartessanfernando.com/cgi-bin/koha/opac-retrieve-file.pl?id=5431251e0fc0a2d241daeaba1de5e3a6yFot-804 uhttps://archivoybiblioteca.realacademiabellasartessanfernando.com/cgi-bin/koha/opac-retrieve-file.pl?id=2a77a3a9251a333a860e53196fb4392ayFot-805 cFOTOGRAFÍAn0 00102ddc40708FOTOGRAFIAaRABASFbRABASFcDP2d2026-04-27l0oFot-800p1097126r2026-04-27 13:50:17w2026-04-27yFOTOGRAFÍA 00102ddc40708FOTOGRAFIAaRABASFbRABASFcDP2d2026-04-27l0oFot-801p1097127r2026-04-27 13:50:17w2026-04-27yFOTOGRAFÍA 00102ddc40708FOTOGRAFIAaRABASFbRABASFcDP2d2026-04-27l0oFot-802p1097128r2026-04-27 13:50:17w2026-04-27yFOTOGRAFÍA 00102ddc40708FOTOGRAFIAaRABASFbRABASFcDP2d2026-04-27l0oFot-803p1097129r2026-04-27 13:50:17w2026-04-27yFOTOGRAFÍA 00102ddc40708FOTOGRAFIAaRABASFbRABASFcDP2d2026-04-27l0oFot-804p1097130r2026-04-27 13:50:17w2026-04-27yFOTOGRAFÍA 00102ddc40708FOTOGRAFIAaRABASFbRABASFcDP2d2026-04-27l0oFot-805p1097131r2026-04-27 13:50:17w2026-04-27yFOTOGRAFÍA c85838d85838